The web of words, exploring literature through language (Record no. 574658)

000 -LEADER
fixed length control field 00456nam a22001697a 4500
003 - CONTROL NUMBER IDENTIFIER
control field CEME
005 - DATE AND TIME OF LATEST TRANSACTION
control field 20210628203648.0
008 - FIXED-LENGTH DATA ELEMENTS--GENERAL INFORMATION
fixed length control field 210121b xxu||||| |||| 00| 0 eng d
020 ## - INTERNATIONAL STANDARD BOOK NUMBER
International Standard Book Number 81-7596-491-X
040 ## - CATALOGING SOURCE
Transcribing agency ceme
082 ## - DEWEY DECIMAL CLASSIFICATION NUMBER
Classification number 813.509 CAR
100 ## - MAIN ENTRY--PERSONAL NAME
Personal name Carter, Ronald, Long, Michael N
9 (RLIN) 66745
245 ## - TITLE STATEMENT
Title The web of words, exploring literature through language
260 ## - PUBLICATION, DISTRIBUTION, ETC.
Place of publication, distribution, etc. NEW DELHI
Name of publisher, distributor, etc. CAMBRIDGE
Date of publication, distribution, etc. 2007
300 ## - PHYSICAL DESCRIPTION
Extent III, 188 P
942 ## - ADDED ENTRY ELEMENTS (KOHA)
Koha item type Book
Source of classification or shelving scheme
Holdings
Withdrawn status Lost status Source of classification or shelving scheme Damaged status Not for loan Permanent Location Current Location Shelving location Date acquired Shelving control number Full call number Barcode Date last seen Price effective from Koha item type Public note
          College of Electrical & Mechanical Engineering (CEME) College of Electrical & Mechanical Engineering (CEME) Fiction 04/10/2017 English Literature 813.509 CAR CEME-42679 06/28/2021 06/28/2021 Book CART-4
          College of Electrical & Mechanical Engineering (CEME) College of Electrical & Mechanical Engineering (CEME) Fiction 04/10/2017 English Literature 813.509 CAR CEME-42680 06/28/2021 06/28/2021 Book CART-4
© 2023 Central Library, National University of Sciences and Technology. All Rights Reserved.